Seven old English poems,

Saved in:
Bibliographic Details
Main Author: Pope, John Collins, 1904- (ed.)
Format: Book
Language:English
Published: Indianapolis, Bobbs-Merrill [c1966]
Series:The Library of literature, 8
Subjects:
LEADER 01199nam a22002891 4500
001 c000324108
003 CARM
005 00000000000000.0
008 731212s1966 inu 00010 eng
010 |a 66026804 //r974 
019 1 |a 658755  |5 LACONCORD2021 
035 |a (OCoLC)317910  |5 LACONCORD2021 
050 0 0 |a PE137  |b .P6 1966 
082 0 0 |a 829.1 
100 1 |a Pope, John Collins,  |d 1904-  |e ed. 
245 1 0 |a Seven old English poems,  |c edited, with commentary and glossary, by John C. Pope. 
260 |a Indianapolis,  |b Bobbs-Merrill  |c [c1966] 
300 |a x, 213 p.  |c 21 cm. 
490 0 |a The Library of literature, 8 
505 0 |a Caedmon's hymn.--The Battle of Brunanburh.--The dream of the rood.--The Battle of Maldon.--The wanderer.--The seafarer.--Deor. 
650 0 |a English language  |y Old English, ca. 450-1100  |x Readers. 
650 0 |a English poetry  |y Old English, ca. 450-1100. 
650 0 |a Anglo-Saxons  |x Poetry. 
650 0 |a Middle Ages  |x Poetry. 
852 8 |b CARM  |h A1:AL37C0  |i B10306  |p 0436327  |f BK 
999 f f |i 0e6ca66e-6b8c-51cc-9edf-63b66ae77824  |s e956f701-475c-55fd-a32e-7e496a274364 
952 f f |p Can circulate  |a CAVAL  |b CAVAL  |c CAVAL  |d CARM 1 Store  |e B10306  |f A1:AL37C0  |h Other scheme  |i book  |m 0436327